Galatic and cluster cooling flows (Record no. 12387)
[ view plain ]
| 000 -LEADER | |
|---|---|
| fixed length control field | 00788nam a2200205Ia 4500 |
| 003 - CONTROL NUMBER IDENTIFIER | |
| control field | IN-BaIIA |
| 008 - FIXED-LENGTH DATA ELEMENTS--GENERAL INFORMATION | |
| fixed length control field | 211028s9999 xx 000 0 eng d |
| 020 ## - INTERNATIONAL STANDARD BOOK NUMBER | |
| International Standard Book Number | 1-886733-35-X |
| 040 ## - CATALOGING SOURCE | |
| Transcribing agency | IIA Library |
| 080 ## - UNIVERSAL DECIMAL CLASSIFICATION NUMBER | |
| Universal Decimal Classification number | 082.2:52 |
| Item number | ASP-115 |
| 111 ## - MAIN ENTRY--MEETING NAME | |
| Meeting name or jurisdiction name as entry element | Conference on Galatic and Cluster Cooling Flows |
| Location of meeting | Israel |
| Date of meeting or treaty signing | 1991 Sept. 18-20 |
| 9 (RLIN) | 21675 |
| 245 #0 - TITLE STATEMENT | |
| Title | Galatic and cluster cooling flows |
| Remainder of title | proceedings of a conference held in Oranim, Israel, 18-20 Sep 1991 |
| Statement of responsibility, etc. | edited by N. Soker |
| 260 ## - PUBLICATION, DISTRIBUTION, ETC. | |
| Place of publication, distribution, etc. | California |
| Name of publisher, distributor, etc. | Astronomical Society of the Pacific |
| Date of publication, distribution, etc. | 1997 |
| 300 ## - PHYSICAL DESCRIPTION | |
| Extent | iv, 227p. |
| 490 ## - SERIES STATEMENT | |
| Series statement | ASP conference series; v. 115 |
| 650 ## - SUBJECT ADDED ENTRY--TOPICAL TERM | |
| Topical term or geographic name entry element | Galaxies |
| 9 (RLIN) | 1286 |
| 700 ## - ADDED ENTRY--PERSONAL NAME | |
| Personal name | Soker, N .,ed. |
| 9 (RLIN) | 21676 |
| 710 ## - ADDED ENTRY--CORPORATE NAME | |
| Corporate name or jurisdiction name as entry element | Astronomical Society of Pacific |
| 9 (RLIN) | 21677 |
| 942 ## - ADDED ENTRY ELEMENTS (KOHA) | |
| Koha item type | Books |
| Withdrawn status | Lost status | Damaged status | Not for loan | Home library | Current library | Shelving location | Date acquired | Total Checkouts | Full call number | Barcode | Date last seen | Price effective from | Koha item type |
|---|---|---|---|---|---|---|---|---|---|---|---|---|---|
| IIA Library-Bangalore | IIA Library-Bangalore | General Stacks | 18/02/1998 | 082.2:52/ ASP-115 | 13303 | 05/11/2021 | 18/02/1998 | Books |